000 00293nam a2200121Ia 4500
008 190216s9999||||xx |||||||||||||| ||und||
100 _aLenin V I
245 0 _aSelected Works Vol 1
260 _b"Progress Publishers, Moscow"
_c1967
300 _a741p
650 _aWorld History
942 _cBK
999 _c18844
_d18844